000 00827nam a22002177a 4500
001 BD-DhSAU 10429
003 BD-DhSAU
005 20150627133500.0
008 150625b1381 ii |||||r|||| 00| 0 ben d
040 _aBD-DhSAU
082 _222
_a...
_bসৈয়দ
245 _aসৈয়দ মুজতবা আলী রচনাবলী /
_cসম্পাদক গজেন্দ্রকুমার মিত্র
250 _a৩য় খন্ড
260 _aকলকাতা :
_bমিত্র ও ঘোষ পাবলিশার্স,
_c১৩৮১.
300 _a৩৯৪ পৃ. :
_c২১ সেমি।
590 _aJerin
650 _aBengal literature.
650 _aরচনাবলী
700 _aমিত্র, গজেন্দ্রকুমার
942 _2ddc
_cBOOK
999 _c10429
_d10428